El análisis de los espectáculos: teatro, mimo, danza, cine

Saved in:
Bibliografiske detaljer
Hovedforfatter: Pavis, Patrice (autor)
Format: Bog
Sprog:spansk
Udgivet: Barcelona Paidós 2000
Serier:Paidós Comunicación
Fag:
Tags: Tilføj Tag
Ingen Tags, Vær først til at tagge denne postø!

MARC

LEADER 00000nam a2200000 a 4500
001 UCM2938
003 CL-VaPUC
008 020621e20000000SP |||||||||||||||||spa|d
082 0 4 |a 790.01  |b PAV  |2 21 
100 |a Pavis, Patrice  |e autor  |9 469699 
245 1 3 |a El análisis de los espectáculos: teatro, mimo, danza, cine 
300 |a 337 p 
942 |c BK 
945 |d 20020621 00:00:00  |a cmena 
260 |a Barcelona  |b Paidós  |c 2000 
650 0 |a Artes recreativas   |9 469700 
650 0 |a Filosofía del arte  |9 264951 
650 0 |a Crítica e interpretación   |9 255042 
650 0 |a Aspectos psicológicos  |9 258128 
650 0 |a Aspectos sociológicos   |9 309271 
650 7 |a PUESTA EN ESCENA  |2 CL-VaPUC  |9 408773 
583 |a last modification  |c 20020621 00:00:00  |k Rodrigo Vera 
490 0 |a Paidós Comunicación 
999 |c 300548  |d 300546 
952 |0 0  |1 0  |4 0  |6 790_010000000000000_PAV_2000  |7 0  |8 A  |9 358463  |a FDOPOS  |b FDOPOS  |d 2019-11-21  |i 3814319  |o 790.01 PAV 2000  |p 3814319  |r 2025-01-22  |w 2019-11-21  |y BK  |k MLH